The new portable MBA

Αποθηκεύτηκε σε:
Λεπτομέρειες βιβλιογραφικής εγγραφής
Κύριος συγγραφέας: Collins, Eliza G. C.
Άλλοι συγγραφείς: Devanna, Mary Anne
Μορφή: Βιβλίο
Γλώσσα:English
Δημοσίευση: New York : J. Wiley, c1994
Σειρά:Portable MBA series
Θέματα:
Ετικέτες: Προσθήκη ετικέτας
Δεν υπάρχουν, Καταχωρήστε ετικέτα πρώτοι!

MARC

LEADER 00000cam a2200000 i 4500
001 1/22607
008 960711s1994 eng d
020 |a 0471080047 ((acid-free paper)) 
035 |l 10021931 
040 |a GR-MY-UA  |b gre  |e aacr 
041 0 |a eng 
082 0 |a 658 
100 1 |a Collins, Eliza G. C. 
245 1 4 |a The new portable MBA /  |c Eliza G.C. Collins, Mary Anne Devanna 
246 3 3 |a New portable Master of Business Administration 
260 |a New York :   |b J. Wiley,   |c c1994 
300 |a xv, 441 σ.;  |b εικ.;  |c 26 cm 
490 1 |a Portable MBA series 
500 |a Rev. ed. of: The portable MBA / [edited by] Eliza G.C. Collins, Mary Anne Devanna. 1990 
504 |a Περιέχει βιβλιογραφικές παραπομπές (σ. 413-422) and index 
650 0 0 |a Industrial management. 
650 0 0 |a Marketing. 
650 0 0 |a Accounting. 
650 0 0 |a Personnel management. 
700 1 |a Devanna, Mary Anne. 
830 0 |a Portable MBA series 
852 |a INST  |b CHIOS  |e 19960711  |h 658 COL  |p 005200001607  |q 005200001607  |t BK  |y 0 
909 |a Χ  |b 042133